000 00305nam a22001337a 4500
008 180205b xxu||||| |||| 00| 0 eng d
020 _a468466002
041 _aeng
080 _a941
100 _a16
101 _aHIS
245 _aThe American Bicentennial 1776-1976
_cAbernethy, F.E
942 _2udc
_cBK
999 _c41802
_d41802